000 00570nam a22001337a 4500
020 _a978-1-4088-0494-0
082 _a823
_bWOO/S
100 _aWOODS, TITANIA
245 _aSISTER SECRETS
260 _aLONDON
_bBLOOMSBURRY PUBLISHING
_c2009
300 _a120
520 _aSister Secrets is written by the brother, who examines family dynamics--a farm family in the Red River Valley of rural North Dakota and Minnesota, an often-absent father involved in politics, and sexual abuse--where people often don't talk publicly (or privately) about mental illness.
942 _cBK
999 _c6500
_d6500